000 00556nam a2200217 a 4500
001 0001-2190
003 ELIB.Books
008 190802 2010 eng
020 _aKBTS
092 _a254
_bJu
100 _aJudy, Marvin T.
245 _aThe Larger Parish and Group Ministry
260 _aNashville
_bAbingdon Press
_c1959
300 _a175
_c20cm
650 _aChurch Administration
856 _nKBTS Library
_uKBTS Elib
942 _2ddc
_cBK
990 _a1
998 _aEnglishbooks.elf
_ccat
_e2019-08-02
999 _c12190
_d12190